000 04065nab a22008897 4500
003 AR-RoUNA
022 _a0327-9022
040 _aAR-RoUNA
_bspa
041 _aspa
044 _aag
245 _aSumma+
260 _aBuenos Aires ,
_c1993
300 _a128 p. :
_bil. byn.
_bplanos
_c34 X25 cm.
505 0 _tINDICE
505 0 _tHOTELES
505 0 _tESPACIALIDAD EN CORO
505 0 _aJosé Cruz Ovalle / Hotel Explora Isla de Pascua Posa MikeRapu en Chile, 2007. p. 4
505 0 _tTEXTURAS CONECTIVAS
505 0 _aHarald Optiz Lurgens / Hotel Arrebol Patagonia en Puerto Varas, Chile, 2008. p. 18
505 0 _tSINTONÍA MATERIAL
505 0 _aEnrica Mosciaro / Hotel Mod05 en Verona, Italia, 2007. p 26
505 0 _tJUEGO Y NORMA FRENTE A LAS TIPAS
505 0 _aAltuna + Bullrich + Cecchi / Libertador Apart Hotel en Martínez, pcia. de Buenos Aires, 2008. p.32
505 0 _tDESFASAJE HACIA EL CIELO
505 0 _aDominique Perrault / Hotel ME BARCELONA en España, 2008. p. 38
505 0 _tCOMERCIOS
505 0 _tLUJOSO TÚMULO
505 0 _aGabriel Kogan y Marcio Kogan / Micasa Vol_B en San Pablo, Brasil, 2007. p. 48
505 0 _tDE OJOTAS AL BAR
505 0 _aIsay Weinfeld / Local Havaianas en San Pablo, Brasil,
505 0 _tENVUELTO EN LIBROS
505 0 _aIsay Weinfeld / Tienda Livraría da Vila en San Pablo, Brasil, 2007. p. 60
505 0 _tENSAYO
505 0 _tLA HISTERIA ES SISTÉMICA
505 0 _aNorberto Chaves / (0 la necesaria simbiosis entre la marca del arquitecto y la de su cliente). p. 66
505 0 _tCOMERCIOS
505 0 _tREUSA, RECICLA, RECAPACITA
505 0 _aEstudio Ayerra & Asociados / Local Magna en Punta Carretas Shopping, Montevideo, Uruguay, 2009. p. 70
505 0 _tHELVÉTICA DULZURA
505 0 _aEstudio Ariaudo & Asociados / Local Lindt en Dot, Baires Shopping, Buenos Aires, 2008. p. 72
505 0 _tDALE PISTA
505 0 _aAum arqs. / Centauro Concept Store en Shopping Cidade Jardim, San Pablo, Brasil, 2008. p. 74
505 0 _tOFICINAS
505 0 _aLuis O´Grady / Emblema Corporativo. p. 78
505 0 _aCesar Pelli / Torre Repsol YPF en Puerto Madero, Buenos Aires, Argentina. p. 78
505 0 _tGIRO DIAGONAL
505 0 _aCarlos Ferrater; Xavier Marti y Patrick Genard / Edificio MEDIAPRO en el campus audiovisual de Barcelona, España, 2008. p. 92
505 0 _tOFICINA APILABLE
505 0 _aCarme Pinós Desplat / Torre Cube, Puerta de Hierro en Guadalajara, México, 2005. p. 98
505 0 _tMIL HOJAS
505 0 _aJerónimo Junquera y Liliana Obal / Edificio de oficinas en la M30 de Madrid, España, 2006. p. 104
505 0 _tDOCUMENTOS
505 0 _aCarlos Gustavo Giménez y Ángel Miguel Navarro / El proyecto para el Gran Parque Nacional de la Bandera en Rosario. p. 110
505 0 _tFRAGMENTOS
505 0 _tFESTIVAL DE BASURA
_aSobre el grupo español Basurama y sus acciones en Buenos Aires. p. 116
505 0 _aFernando Diez / Lacroze - Miguens - Prati. Paisajes locales y prácticas globalizadas. p. 120
505 0 _tCUADERNO DE VIAJES
505 0 _aIgnacio Ros de Olano / Venecia en papel. p. 121
505 0 _tTEXTURAS
505 0 _aRoberto Fernández / Reescribir lo tradicional. La casa Cristo en Guadalajara de Luis Barragán. p. 122
505 0 _tLECTURAS
505 0 _aFernando Diez / Alegoría del patrimonio. p. 123
505 0 _tNOTICIAS
505 0 _tREVELACIONES
505 0 _aMario Sabugo y Rita Molinos / Egipto: las piedras trasladadas. p. 126
505 0 _tPOST SCRIPTUM
505 0 _aFernando Diez / Oscar Niemeyer: más allá de la arquitectura. p. 128
600 0 _91557
_aBardi, Lina Bo
_d1914-1992.
600 0 _a Roeding, Christopf
_927414
600 0 _aSchop, Ulrich
_927415
650 _aArquitectura contemporánea
773 0 _aSumma+
_dBuenos Aires, Argentina
_gNº102 (jul-2009), p. 128
_x0327-9022
908 _aImp
942 _2udc
_cART
945 _aMBP
_d2022-07-08
980 _8138
_gCarolina Rainero
_6138
_aCarolina Rainero
999 _c12128
_d12128